000 00260nam a2200097Ia 4500
001 1250229
005 20251031150852.0
008 251031s9999 xx 000 0 und d
245 0 _cROB BUYEA
_aG-2 SINIFTAN YÜKSELEN SESLER
260 _bALTIN KİTAPLAR YAYINLARI
999 _c1250229
_d1250229